[Event "Heusenstamm Sparkassen op-B 9th"]
[Site "Heusenstamm"]
[Date "2023.11.24"]
[Round "2"]
[White "Junkers, Guenter"]
[Black "Schmidt, Moritz"]
[Result "0-1"]
[WhiteElo "1192"]
[BlackElo "1453"]
[PlyCount "82"]
[EventDate "2023.11.23"]
[EventType "swiss"]
[EventRounds "7"]
[EventCountry "GER"]
[SourceTitle "EXT 2025"]
[Source "ChessBase"]
[SourceDate "2024.10.14"]
[SourceVersion "1"]
[SourceVersionDate "2024.10.14"]
[SourceQuality "1"]

1. e4 c6 2. Nc3 d5 3. exd5 cxd5 4. Bb5+ Nc6 5. Bxc6+ bxc6 6. d4 Nf6 7. Nf3 Ba6 8. Na4 e6 9. Nc5 Bxc5 10. dxc5 Qa5+ 11. c3 Qxc5 12. Be3 Qb5 13. Rb1 0-0 14. Nd4 Qb7 15. f3 e5 16. Ne2 e4 17. Bc5 exf3 18. gxf3 Rfe8 19. Qb3 Rxe2+ 20. Kd1 Qxb3+ 21. axb3 Bd3 22. Ra1 Rxb2 23. Rxa7 Rxa7 24. Bxa7 Rb1+ 25. Kd2 Rxh1 26. Kxd3 Rxh2 27. f4 Rh3+ 28. Be3 Ng4 29. Kd4 Rxe3 30. c4 Rxb3 31. cxd5 cxd5 32. Kxd5 h5 33. f5 h4 34. Ke4 h3 35. Kf4 h2 36. Kxg4 h1Q 37. Kf4 Qf3+ 38. Ke5 Rb5+ 39. Kd6 Qd5+ 40. Kc7 Rb7+ 41. Kc8 Qd7# 0-1

[Event "Rhein Main op-B 25th"]
[Site "Bad Homburg"]
[Date "2023.06.08"]
[Round "3"]
[White "Schmidt, Moritz"]
[Black "Schloemer, Andreas"]
[Result "1/2-1/2"]
[WhiteElo "1456"]
[BlackElo "1631"]
[PlyCount "111"]
[EventDate "2023.06.07"]
[EventType "swiss"]
[EventRounds "7"]
[EventCountry "GER"]
[SourceTitle "CBM 215 Extra"]
[Source "ChessBase"]
[SourceDate "2023.09.30"]
[SourceVersion "1"]
[SourceVersionDate "2023.09.30"]
[SourceQuality "1"]

1. e4 c5 2. c3 d6 3. d4 cxd4 4. cxd4 Nf6 5. Nc3 g6 6. Nf3 Bg7 7. Be3 a6 8. Bc4 0-0 9. 0-0 b5 10. Bb3 Bb7 11. Bc2 b4 12. Na4 Bxe4 13. Bxe4 Nxe4 14. Qb3 Qa5 15. a3 Nd7 16. axb4 Qb5 17. Nc3 Qb7 18. Nxe4 Qxe4 19. b5 Qb7 20. Ra5 Rfb8 21. Ng5 Rf8 22. Qd3 axb5 23. Rxb5 Qa6 24. Rb3 Qxd3 25. Rxd3 Rfb8 26. Rb1 Rxb2 27. Rc1 Nf6 28. h3 Nd5 29. Rd2 Rxd2 30. Bxd2 Bxd4 31. Ne4 Kg7 32. Bg5 Ra1 33. Rxa1 Bxa1 34. Kf1 h6 35. Bxe7 Nxe7 36. Nxd6 f5 37. f4 Nd5 38. g3 Bc3 39. Ke2 Bb4 40. Nc4 Nf6 41. Ne3 Ne4 42. g4 fxg4 43. hxg4 Bc5 44. Kf3 Bxe3 45. Kxe4 Bb6 46. f5 Bc7 47. fxg6 Kxg6 48. Kf3 Kg5 49. Kg2 Kh4 50. Kh1 Kxg4 51. Kg1 Kg3 52. Kh1 h5 53. Kg1 h4 54. Kh1 Kf3 55. Kg1 h3 56. Kh1 1/2-1/2

[Event "Bad Soden sim1"]
[Site "Bad Soden"]
[Date "2019.10.03"]
[Round "1.32"]
[White "Anand, Viswanathan"]
[Black "Schmidt, Moritz"]
[Result "1-0"]
[WhiteElo "2765"]
[BlackElo "981"]
[PlyCount "51"]
[EventDate "2019.10.03"]
[EventType "simul"]
[EventRounds "1"]
[EventCountry "GER"]
[SourceTitle "EXT 2021"]
[Source "ChessBase"]
[SourceDate "2020.10.23"]
[SourceVersion "1"]
[SourceVersionDate "2020.10.23"]
[SourceQuality "1"]

1. e4 c6 2. d4 d5 3. e5 Bf5 4. h4 e6 5. g4 Bxg4 6. Qxg4 Bb4+ 7. c3 Bf8 8. Nf3 g6 9. h5 Bh6 10. hxg6 Bxc1 11. g7 Nd7 12. gxh8Q Nf8 13. Qgxg8 Qe7 14. Rxh7 0-0-0 15. Rxf7 Qe8 16. Rxf8 Qxf8 17. Qxf8 Rxf8 18. Qxf8+ Kc7 19. a4 Kd7 20. Qd6+ Kc8 21. Bh3 b6 22. Qxc6+ Kd8 23. Bxe6 Bd2+ 24. Nbxd2 Ke7 25. Qd7+ Kf8 26. Qf7# 1-0